000 00510 a2200181 4500
001 134875
020 _a85-325-1334-4
040 _cLeonardo Da Vinci
041 _aPortuguês
082 _a869.93 C328c
_bC328c
100 _aCARVALHO, José Candido de
245 _aOlha para o céu, Frederico!
_bromance acontecido em Campos dos Goitacases nos dias do Gramofone
260 _bRocco
_c2002
_aRio de Janeiro
300 _a119
362 _a20020000
697 _aLiteratura
_aRomance
_aBrasil
942 _cBK
999 _c134875
_d134875